00529nam a2200193 a 4500001001300000003000900013005001700022008004100039020000900080082001900089100002000108245004300128260004200171300000900213500003500222505003600257650002200293700002000315nice12345678IN_TiNIC20260116011745.0050524s1979 dela grp 000 0 eng  ac7000a500.80247bKHA aKhan, Majid Ali aIslam on Origin and Evolution of Life. aDelhibIdara-I-Adabiyat-I-Dillic1979 a208p aincludes index and biblioraphy2 aIndex, Bibliography Information aIslam and Science1 aKhan, Majid Ali